Price war (Record no. 81629)
[ view plain ]
| 000 -LEADER | |
|---|---|
| fixed length control field | 01040cab a22001935a 4500 |
| 001 - CONTROL NUMBER | |
| control field | L147748 |
| 008 - FIXED-LENGTH DATA ELEMENTS--GENERAL INFORMATION | |
| fixed length control field | 090612s2009 xxk f 000 0 eng d |
| 035 ## - SYSTEM CONTROL NUMBER | |
| System control number | (Sirsi) u147748 |
| 041 0# - LANGUAGE CODE | |
| Language code of text/sound track or separate title | eng |
| 100 1# - MAIN ENTRY--PERSONAL NAME | |
| Personal name | Mayes, Suzie |
| 245 00 - TITLE STATEMENT | |
| Title | Price war |
| 260 ## - PUBLICATION, DISTRIBUTION, ETC. | |
| Date of publication, distribution, etc. | 2009 |
| 490 ## - SERIES STATEMENT | |
| Series statement | Housebuilder |
| Volume/sequential designation | 68(5) June 2009, 18-20(3) |
| 520 ## - SUMMARY, ETC. | |
| Summary, etc. | Reports on the malpractice of downvaluing by property clubs, who combine to purchase several new houses with a discount and then do not declare this discount to the lenders. This deceit has been highlighted since the downturn in the housing market, causing many lenders either to not lend for new house purchases or to put onerous conditions on them. The Home Builders Federation (HBF) have introduced a Code of Conduct, RICS have brought out new guidance, and the Council of Mortgage Lenders (CML) have a new "disclosure of incentives form" - all designed to restore confidence. |
| 590 ## - LOCAL NOTE (RLIN) | |
| Local note | KA |
| 651 #4 - SUBJECT ADDED ENTRY--GEOGRAPHIC NAME | |
| Geographic name | United Kingdom |
| Chronological subdivision | |
| 690 ## - LOCAL SUBJECT ADDED ENTRY--TOPICAL TERM (OCLC, RLIN) | |
| Topical term or geographic name as entry element | PROPERTY-PROPERTY APPRAISAL AND VALUATION |
| 942 ## - ADDED ENTRY ELEMENTS (KOHA) | |
| Suppress in OPAC | 0 |
| Withdrawn status | Lost status | Source of classification or shelving scheme | Damaged status | Not for loan | Home library | Current library | Shelving location | Date acquired | Total Checkouts | Full call number | Barcode | Date last seen | Copy number | Price effective from | Koha item type |
|---|---|---|---|---|---|---|---|---|---|---|---|---|---|---|---|
| Dewey Decimal Classification | London | London | Journal article | 12/06/2009 | L147748 | 147748-1001 | 06/08/2019 | 1 | 06/08/2019 | Journal article |